Sunflower A fastest way to learn english
Ngưng xuất bản từ 2018
Gardado en:
| Outros autores: | |
|---|---|
| Formato: | Libro |
| Idioma: | Undetermined |
| Publicado: |
Thành phố Hồ Chí Minh
|
| Những chủ đề: | |
| Acceso en liña: | http://lrc.tdmu.edu.vn/opac/search/detail.asp?aID=2&ID=6839 |
| Các nhãn: |
Engadir etiqueta
Sen Etiquetas, Sexa o primeiro en etiquetar este rexistro!
|
| Thư viện lưu trữ: | Trung tâm Học liệu Trường Đại học Thủ Dầu Một |
|---|
| LEADER | 00643nam a2200181Ia 4500 | ||
|---|---|---|---|
| 001 | TDMU_6839 | ||
| 008 | 210410s9999 xx 000 0 und d | ||
| 082 | |a NULL | ||
| 245 | 0 | |a Sunflower | |
| 245 | 2 | |b A fastest way to learn english | |
| 245 | 0 | |c Lao Dong Publishing House | |
| 260 | |a Thành phố Hồ Chí Minh | ||
| 300 | |a 96tr | ||
| 520 | |a Ngưng xuất bản từ 2018 | ||
| 650 | |a Tạp chí Sunflower ; Tạp chí Tiếng Anh | ||
| 700 | |a Nhà xuất bản Lao động | ||
| 856 | |u http://lrc.tdmu.edu.vn/opac/search/detail.asp?aID=2&ID=6839 | ||
| 980 | |a Trung tâm Học liệu Trường Đại học Thủ Dầu Một | ||